000 00813nam a22002297a 4500
005 20100805112650.0
010 _aENG-98301
020 _a9788189012819
_c525.00
035 _aEN-81834
037 _bDBAD/PUB
082 _a910.91732
100 _aDoniwal, Hemant Kumar
_96506
245 _aUrban geography /
_cby Hemant Kumar Doniwal
260 _aNew Delhi
_bGnosis
_c2009
270 _aE-35/103 Jawahar Park Laxmi Nagar
_bDelhi
_e110092
300 _ax,211p
_c22cm(Hb)
500 _aIncludes bibliographical references and index
650 _aUrban Geography
_96507
650 _aCities and towns
_96508
942 _2ddc
_cEN
_h910.91732
_mDON
999 _c39370
_d39370